000 00567nam a2200205Ia 4500
005 20250425160642.0
008 250425s9999 xx 000 0 und d
041 _aspa
082 _a621.4
245 0 _aAPUNTES SOBRE RADIACION TERMICA
250 _a1A ED.
260 _aEcuador
_bESPOL: Centro de Difusion y Publicaciones
_c1977
260 _aGUAYAQUIL
500 _a27069, 27070c.2 S/.45,00 94.01.07 EDIC. BIBL. COMPRA Coleccion ESPOL
650 _aMACROECONOMIA
650 _aMERCADO
650 _aSISTEMAS ECONOMICOS
942 _c01
010 _a1331
999 _c193426
_d193426